[Event "Frankfurt Ch 2007"]
[Site "Ffm-Kalbach, LAZ"]
[Date "2007.05.07"]
[Round "2.59"]
[White "Wich, Manuela"]
[Black "Götting, Ulrich"]
[Result "0-1"]
[WhiteElo "1378"]
[BlackElo "1691"]
[PlyCount "104"]
[EventDate "2007.??.??"]

1. d4 Nf6 2. c4 g6 3. Nc3 Bg7 4. e4 d6 5. Be2 O-O 6. Nf3 c5 7. d5 Na6 8. O-O
Nc7 9. Ne1 Nfe8 10. Be3 f5 11. Qd2 e5 12. Bh6 f4 13. Bxg7 Kxg7 14. Bf3 Nf6 15.
Rb1 Bd7 16. b4 cxb4 17. Rxb4 b6 18. Rb1 Qe7 19. a4 Rfc8 20. Qe2 g5 21. h3 Na6
22. Nb5 Nc5 23. Bg4 Nxg4 24. hxg4 Nxa4 25. Ra1 Bxb5 26. cxb5 Nc3 27. Qb2 Qd7
28. Nf3 Kf6 29. Rfb1 Nxb1 30. Rxb1 Rc5 31. Nd2 Rac8 32. Qb3 Rc3 33. Qb4 Rc1+
34. Rxc1 Rxc1+ 35. Kh2 Qc7 36. Qa3 Rc5 37. Qh3 Kg7 38. Nf3 h6 39. Qh5 Qe7 40.
Ne1 Rxb5 41. Qh3 Rc5 42. Qa3 Qc7 43. Qa4 b5 44. Qa3 a5 45. Qh3 Rc3 46. Qh5 Qf7
47. Nf3 Qxh5+ 48. gxh5 a4 49. Nd4 exd4 50. e5 dxe5 51. d6 Rc6 52. d7 Rd6 0-1

[Event "Frankfurt Ch 2007"]
[Site "Ffm-Kalbach, LAZ"]
[Date "2007.05.07"]
[Round "2.60"]
[White "Grohmüller, Robert"]
[Black "Jung, Bernd"]
[Result "0-1"]
[WhiteElo "1346"]
[BlackElo "1676"]
[PlyCount "66"]
[EventDate "2007.??.??"]

1. c4 e6 2. Nc3 d5 3. e3 c5 4. Nf3 Nc6 5. d4 Nf6 6. b3 Bd6 7. g3 O-O 8. Bg2 Re8
9. O-O Rb8 10. cxd5 exd5 11. Bb2 Bg4 12. h3 Be6 13. Rc1 b6 14. Ng5 Qc7 15. Nxe6
fxe6 16. Nb5 Qd7 17. Nxd6 Qxd6 18. dxc5 bxc5 19. f4 Rbc8 20. e4 Qe7 21. exd5
Red8 22. Re1 Nd4 23. Bxd4 cxd4 24. Rxc8 Rxc8 25. Qxd4 Qa3 26. dxe6 Qxa2 27. Bd5
h6 28. Bc4 Qa5 29. Kf2 Kh8 30. Kf3 Qxe1 31. h4 Qh1+ 32. Ke2 Qe4+ 33. Qxe4 Nxe4
0-1

[Event "Frankfurt Ch 2007"]
[Site "Ffm-Kalbach, LAZ"]
[Date "2007.05.07"]
[Round "2.61"]
[White "Götz, Arnold"]
[Black "Bongardt, Torsten"]
[Result "1/2-1/2"]
[WhiteElo "1671"]
[BlackElo "1340"]
[PlyCount "83"]
[EventDate "2007.??.??"]

1. Nf3 Nf6 2. e3 d5 3. d4 e6 4. Bd3 c5 5. c4 Bd6 6. dxc5 Bxc5 7. O-O O-O 8. Qc2
b6 9. cxd5 exd5 10. e4 Re8 11. e5 Nfd7 12. Bxh7+ Kf8 13. Bf4 Nc6 14. Re1 Qc7
15. Nc3 Ndxe5 16. Qd2 Nxf3+ 17. gxf3 Qd7 18. Rxe8+ Qxe8 19. Nxd5 Qd8 20. Bg5 f6
21. Bf4 Nd4 22. Qd1 Bb7 23. Nc7 Rc8 24. Qxd4 Bxd4 25. Ne6+ Kf7 26. Nxd8+ Rxd8
27. Be4 Bxe4 28. fxe4 Bxb2 29. Rb1 Ba3 30. Kf1 Ke6 31. Ke2 Bc5 32. f3 Rd4 33.
Rb2 a5 34. Bc7 Rb4 35. Rc2 Rd4 36. Bf4 g5 37. Bg3 Rd7 38. Rc4 Rd4 39. Rc2 Rd7
40. Rc3 Rd4 41. Bf2 Ra4 42. Bxc5 1/2-1/2

[Event "Frankfurt Ch 2007"]
[Site "Ffm-Kalbach, LAZ"]
[Date "2007.05.07"]
[Round "2.62"]
[White "Stulken, Dietmar"]
[Black "Lietzau, Olaf"]
[Result "0-1"]
[WhiteElo "1339"]
[BlackElo "1665"]
[PlyCount "114"]
[EventDate "2007.??.??"]

1. e4 d6 2. d4 g6 3. Nc3 Bg7 4. Be3 Nf6 5. h3 O-O 6. Nf3 Nc6 7. Qd2 e5 8. d5
Nb4 9. a3 Na6 10. Bxa6 bxa6 11. O-O h5 12. Bg5 Bd7 13. Rfe1 Qc8 14. Kh2 Nh7 15.
Bh6 f5 16. Bxg7 Kxg7 17. Ng5 f4 18. Nxh7 Kxh7 19. f3 Qd8 20. Qf2 g5 21. Rh1 Kg6
22. Kg1 Rf7 23. Qe2 Qb8 24. Nd1 Rf8 25. c4 Ba4 26. Nc3 Bb3 27. Rc1 Qb6+ 28. Kf1
Qc5 29. Nb1 Rab8 30. Qd3 Rb7 31. Nd2 Rfb8 32. Rc3 Ba4 33. b4 Qb6 34. Ke2 Bd7
35. Rb1 c5 36. bxc5 Qxc5 37. Rxb7 Rxb7 38. Rb3 Rb6 39. Rb4 Qg1 40. Rxb6 axb6
41. Qb3 Qxg2+ 42. Ke1 Qg1+ 43. Ke2 Bxh3 44. Qb4 Qc5 45. Qa4 Qc8 46. Qb4 Qc7 47.
Qa4 Qd7 48. Qxa6 g4 49. Qxb6 h4 50. c5 g3 51. c6 Qc8 52. Qb7 Kf6 53. a4 Qg8 54.
Qc7 Qf8 55. a5 Bc8 56. Qb8 Ba6+ 57. Ke1 Qxb8 0-1

[Event "Frankfurt Ch 2007"]
[Site "Ffm-Kalbach, LAZ"]
[Date "2007.05.07"]
[Round "2.63"]
[White "Tiraspolski, Arkadij"]
[Black "Breitbach, Stephan"]
[Result "1-0"]
[WhiteElo "1664"]
[BlackElo "1334"]
[PlyCount "67"]
[EventDate "2007.??.??"]

1. e4 e6 2. d4 d5 3. e5 c5 4. c3 cxd4 5. cxd4 a6 6. Nf3 Nc6 7. Nbd2 f6 8. Nb3
Be7 9. Be2 Bb4+ 10. Bd2 Bxd2+ 11. Qxd2 fxe5 12. dxe5 Nge7 13. Bd3 O-O 14. O-O
Qb6 15. Rac1 Nb4 16. Bb1 Qb5 17. Nbd4 Qb6 18. Qg5 Nbc6 19. Bxh7+ Kxh7 20. Qh5+
Kg8 21. Ng5 Rf4 22. Qh7+ Kf8 23. Ndxe6+ Bxe6 24. Nxe6+ Kf7 25. Nxf4 Nxe5 26.
Qh5+ N7g6 27. Nxd5 Qxb2 28. Qf5+ Kg8 29. Rc2 Qd4 30. Qe6+ Kh7 31. Rc3 Nf4 32.
Qf5+ g6 33. Rc7+ Kh6 34. Qxf4+ 1-0

[Event "Frankfurt Ch 2007"]
[Site "Ffm-Kalbach, LAZ"]
[Date "2007.05.07"]
[Round "2.64"]
[White "Greul, Thomas"]
[Black "Bittner, Peter"]
[Result "1-0"]
[WhiteElo "1302"]
[BlackElo "1986"]
[PlyCount "78"]
[EventDate "2007.??.??"]

1. e4 c5 2. d4 e6 3. Nf3 Nf6 4. e5 Nd5 5. c4 Ne7 6. Nc3 cxd4 7. Ne4 Nf5 8. g4
d5 9. cxd5 exd5 10. Neg5 Nh6 11. Bb5+ Bd7 12. Bxd7+ Qxd7 13. h3 f6 14. e6 Qe7
15. Qa4+ Nc6 16. Nxd4 fxg5 17. Nxc6 Qxe6+ 18. Ne5+ Kd8 19. Bxg5+ Be7 20. Bxe7+
Qxe7 21. Qa5+ Ke8 22. O-O Rd8 23. Rfe1 Rd6 24. Ng6 Rxg6 25. Rxe7+ Kxe7 26. Qc7+
Kf6 27. Qf4+ Ke7 28. Re1+ Kd7 29. Qe5 Rf6 30. Qxd5+ Kc8 31. Re7 Rb6 32. Qd7+
Kb8 33. Rxg7 Rf8 34. b3 Ng8 35. g5 h6 36. g6 Nf6 37. Qc7+ Ka8 38. Rf7 Rg8 39.
g7 Ne8 1-0

[Event "Frankfurt Ch 2007"]
[Site "Ffm-Kalbach, LAZ"]
[Date "2007.05.07"]
[Round "2.65"]
[White "Ortiz-Rodriguez, Jose"]
[Black "Smith-Meyer, Geir"]
[Result "1-0"]
[WhiteElo "1270"]
[BlackElo "1640"]
[PlyCount "55"]
[EventDate "2007.??.??"]

1. e4 Nf6 2. Nc3 d5 3. e5 d4 4. exf6 dxc3 5. bxc3 exf6 6. Nf3 Bd6 7. d4 O-O 8.
Bd3 Re8+ 9. Be3 Nc6 10. O-O Ne7 11. c4 Nf5 12. Bd2 c6 13. c3 Qc7 14. Qc2 g6 15.
g3 Ng7 16. c5 Bf8 17. Bf4 Qa5 18. Nd2 Bh3 19. Rfe1 b5 20. Ne4 Nf5 21. Nxf6+ Kg7
22. Nxe8+ Rxe8 23. Rxe8 Be7 24. Re1 Nxd4 25. Be5+ Bf6 26. Bxd4 Bxd4 27. cxd4
Be6 28. Qe2 1-0

[Event "Frankfurt Ch 2007"]
[Site "Ffm-Kalbach, LAZ"]
[Date "2007.05.07"]
[Round "2.66"]
[White "Riha, Peter"]
[Black "Kirchmann, Gerhard"]
[Result "0-1"]
[WhiteElo "1823"]
[BlackElo "1276"]
[PlyCount "82"]
[EventDate "2007.??.??"]

1. d4 Nf6 2. c4 e6 3. Nc3 Bb4 4. e3 c5 5. Bd3 O-O 6. Nge2 Nc6 7. a3 Bxc3+ 8.
Nxc3 cxd4 9. exd4 b6 10. Bg5 h6 11. Bxf6 Qxf6 12. Be4 Rb8 13. d5 Ne5 14. Qe2
Ba6 15. b3 Nxc4 16. Qf3 Qxf3 17. Bxf3 Ne5 18. Be4 Rbc8 19. Kd2 f5 20. Bb1 Rfd8
21. f4 Ng4 22. Ba2 Ne3 23. g3 Nxd5 24. Nxd5 exd5 25. b4 Bc4 26. Bb1 g6 27. g4
Re8 28. gxf5 Re2+ 29. Kc3 Rce8 30. Rd1 R8e3+ 31. Kd4 Rf3 32. b5 Rxf4+ 33. Kc3
gxf5 34. Bd3 Re3 35. Rd2 Bxb5 36. Rg1+ Rg4 37. Rf1 d4+ 38. Kc2 Ba4+ 39. Kb2
Rxd3 40. Rxd3 Bb5 41. Kc2 Rg2+ 0-1

[Event "Frankfurt Ch 2007"]
[Site "Ffm-Kalbach, LAZ"]
[Date "2007.05.07"]
[Round "2.67"]
[White "Nitschner, Hendrik"]
[Black "Köroglu, Naim"]
[Result "0-1"]
[WhiteElo "1177"]
[BlackElo "1627"]
[PlyCount "112"]
[EventDate "2007.??.??"]

1. e4 c5 2. Nf3 d6 3. c3 Nf6 4. d3 e6 5. Bg5 Be7 6. Nbd2 Nbd7 7. Be2 b6 8. O-O
O-O 9. Qc2 Ba6 10. Rfe1 h6 11. Bh4 Nh7 12. Bg3 Bb7 13. Nc4 Ndf6 14. e5 Nh5 15.
exd6 Nxg3 16. hxg3 Bxd6 17. Nxd6 Qxd6 18. Rad1 Qc7 19. d4 cxd4 20. Rxd4 Rfd8
21. Red1 Rxd4 22. Rxd4 Rd8 23. Rc4 Qe7 24. Bd3 Nf6 25. Ne5 Rd6 26. Qa4 a6 27.
Qb4 Qd8 28. Rd4 Rxd4 29. Qxd4 Qxd4 30. cxd4 Nd5 31. a3 Ne7 32. Nd7 b5 33. Nc5
Bc8 34. a4 bxa4 35. Bxa6 Bxa6 36. Nxa6 Nd5 37. Nc5 Nb6 38. Kf1 Kf8 39. Ke2 Ke7
40. Kd3 Kd6 41. Ke4 f5+ 42. Kd3 Kd5 43. f3 g6 44. Ke3 e5 45. Nd3 exd4+ 46. Kd2
Nc4+ 47. Ke2 Ne3 48. Kf2 Kc4 49. Nc1 g5 50. Kg1 Nd1 51. Kf1 Nxb2 52. Ke2 a3 53.
Kd2 d3 54. f4 Na4 55. fxg5 hxg5 56. Na2 Nc5 0-1

[Event "Frankfurt Ch 2007"]
[Site "Ffm-Kalbach, LAZ"]
[Date "2007.05.07"]
[Round "2.68"]
[White "Arnold, Michael"]
[Black "Honert, Stefan"]
[Result "1/2-1/2"]
[WhiteElo "1614"]
[BlackElo "1263"]
[PlyCount "60"]
[EventDate "2007.??.??"]

1. e4 e6 2. d4 d5 3. Nd2 Nf6 4. e5 Nfd7 5. Bd3 c5 6. c3 Nc6 7. Ne2 Qb6 8. Nf3
Be7 9. O-O h6 10. b3 cxd4 11. cxd4 Nb4 12. Bb1 Qc7 13. Be3 b6 14. Qd2 Ba6 15.
Rc1 Qb7 16. a3 Nc6 17. b4 Bc4 18. Nc3 b5 19. Ne1 a5 20. Bd3 axb4 21. axb4 Nb6
22. Nxb5 Bxd3 23. Rxa8+ Nxa8 24. Qxd3 Nxb4 25. Qb1 O-O 26. Nc3 Rb8 27. Nd3 Nxd3
28. Qxd3 Qa7 29. g3 Nb6 30. Rb1 Nc4 1/2-1/2

[Event "Frankfurt Ch 2007"]
[Site "Ffm-Kalbach, LAZ"]
[Date "2007.05.07"]
[Round "2.69"]
[White "Liebert, Monika"]
[Black "Jordake, Michael"]
[Result "0-1"]
[WhiteElo "1053"]
[BlackElo "1612"]
[PlyCount "94"]
[EventDate "2007.??.??"]

1. e4 e5 2. Nf3 Nc6 3. Bb5 a6 4. Bxc6 dxc6 5. d3 Bd6 6. O-O Bg4 7. Be3 Qf6 8.
Nbd2 h6 9. h3 Bh5 10. g4 Bg6 11. Nh2 h5 12. g5 Qe6 13. Kg2 O-O-O 14. h4 f6 15.
Qf3 fxg5 16. Bxg5 Be7 17. Qg3 Nf6 18. Ndf3 Rdf8 19. Nxe5 Bd6 20. f4 Be8 21. Qh3
Qxh3+ 22. Kxh3 Bxe5 23. fxe5 Bd7+ 24. Kg3 Nh7 25. Bf4 Re8 26. d4 Re6 27. Rf2
Rg6+ 28. Kf3 Bh3 29. Nf1 Rf8 30. Ng3 Rf7 31. Nxh5 Bg4+ 32. Ke3 Bxh5 33. c4 Rg4
34. Bg5 Rxf2 35. Kxf2 Rxe4 36. Re1 Nxg5 37. hxg5 Rxd4 38. b3 Rd2+ 39. Kg3 Re2
40. Rxe2 Bxe2 41. Kf4 Bd3 42. e6 Kd8 43. Ke5 Ke7 44. c5 a5 45. a3 Bc2 46. b4
axb4 47. axb4 Bb3 0-1

[Event "Frankfurt Ch 2007"]
[Site "Ffm-Kalbach, LAZ"]
[Date "2007.05.07"]
[Round "2.70"]
[White "Milde, Dieter"]
[Black "Krüger, Manfred"]
[Result "1-0"]
[WhiteElo "1602"]
[BlackElo "1180"]
[PlyCount "91"]
[EventDate "2007.??.??"]

1. d4 Nf6 2. Nf3 e6 3. e3 d5 4. Bd3 Be7 5. Nbd2 O-O 6. O-O Nbd7 7. e4 dxe4 8.
Nxe4 Nxe4 9. Bxe4 Nf6 10. Bd3 b6 11. c3 a5 12. Ne5 Bb7 13. Be2 c6 14. Bf3 Qc7
15. Bf4 Qc8 16. Nc4 Qd8 17. a4 Rc8 18. Qb3 Nd5 19. Bxd5 cxd5 20. Qxb6 Qxb6 21.
Nxb6 Rc6 22. Nd7 Rd8 23. Ne5 Rb6 24. Rab1 f6 25. Nf3 g5 26. Bc7 Rdd6 27. Bxb6
Rxb6 28. h3 Ba6 29. Rfe1 Bd3 30. Rbd1 Bc2 31. Rd2 Bxa4 32. Ra1 Bd7 33. Rxa5 Rb7
34. Ne1 Bd6 35. Nd3 Bb5 36. Nc5 Rb6 37. g3 Kg7 38. Ra7+ Kg6 39. Nxe6 h5 40. Nc5
f5 41. Rd1 Be2 42. Na4 Rb8 43. Re1 Re8 44. Rd7 Re6 45. Rxe2 Rxe2 46. Rxd6+ 1-0

[Event "Frankfurt Ch 2007"]
[Site "Ffm-Kalbach, LAZ"]
[Date "2007.05.07"]
[Round "2.71"]
[White "Winter, Olaf"]
[Black "Evertz, Wolfgang"]
[Result "1/2-1/2"]
[WhiteElo "1571"]
[BlackElo "1150"]
[PlyCount "82"]
[EventDate "2007.??.??"]

1. c4 e5 2. Nc3 Nf6 3. g3 Bc5 4. e3 Nc6 5. a3 a5 6. Bg2 O-O 7. Nge2 Re8 8. O-O
d6 9. h3 Bf5 10. d4 exd4 11. exd4 Bb6 12. b3 h6 13. Bb2 Qd7 14. Kh2 Re7 15. Qd2
Rae8 16. Rae1 Ne4 17. Nxe4 Bxe4 18. f3 Bh7 19. f4 Be4 20. d5 Bxg2 21. Kxg2 Nd8
22. Nd4 Bxd4 23. Qxd4 f6 24. Rxe7 Rxe7 25. g4 Nf7 26. Bc3 a4 27. b4 c6 28. Re1
Rxe1 29. Bxe1 Qe7 30. Kf2 c5 31. bxc5 dxc5 32. Qe3 Kf8 33. Ke2 Nd6 34. Qxe7+
Kxe7 35. Kd3 b6 36. Bd2 f5 37. Bc3 g6 38. Be5 Kd7 39. gxf5 gxf5 40. Bxd6 Kxd6
41. Ke3 h5 1/2-1/2